Aspectos del presupuesto público (Registro nro. 20)
[ vista simple ]
| 000 -LEADER | |
|---|---|
| fixed length control field | 01793 a2200241 4500 |
| 001 - CONTROL NUMBER | |
| control field | 25 |
| 005 - DATE AND TIME OF LATEST TRANSACTION | |
| control field | 20260407155403.0 |
| 008 - FIXED-LENGTH DATA ELEMENTS--GENERAL INFORMATION | |
| fixed length control field | 260407a1988 arg spa d |
| 003 - CONTROL NUMBER IDENTIFIER | |
| control field | AR-UNSa-BCEJYS |
| 040 ## - CATALOGING SOURCE | |
| Original cataloging agency | AR-UNSa-BCEJYS |
| Language of cataloging | spa |
| Transcribing agency | AR-UNSa-BCEJYS |
| 080 ## - UNIVERSAL DECIMAL CLASSIFICATION NUMBER | |
| Universal Decimal Classification number | 336.14 |
| Common auxiliary subdivision | Presupuesto público. Presupuesto nacional |
| 020 ## - INTERNATIONAL STANDARD BOOK NUMBER | |
| International Standard Book Number | 1-557-75014-9 |
| 041 ## - LANGUAGE CODE | |
| Language code of text/sound track or separate title | spa |
| 100 1# - MAIN ENTRY--PERSONAL NAME | |
| Personal name | Antonaya, A. L. |
| 245 10 - TITLE STATEMENT | |
| Title | Aspectos del presupuesto público |
| 264 #1 - PRODUCTION, PUBLICATION, DISTRIBUTION, MANUFACTURE, AND COPYRIGHT NOTICE | |
| Place of production, publication, distribution, manufacture | Washington : |
| Name of producer, publisher, distributor, manufacturer | Fondo Monetario Internacional |
| Date of production, publication, distribution, manufacture, or copyright notice | 1988 |
| 300 ## - PHYSICAL DESCRIPTION | |
| Extent | x, 285 p. |
| Dimensions | 23 cm. |
| 505 ## - FORMATTED CONTENTS NOTE | |
| Formatted contents note | 1. Introducción - 2. Parámetros de política fiscal en la formulación de presupuestos - 3. El crecimiento del gasto público: repaso del análisis cuantitativo - 4. Temas recurrentes eb materia de elaboración del presupuesto - 5. Deuda pública, inflación y déficit fiscal - 6. Programación financiera y proyecciones de los gastos públicos - 7. El control del gasto: cuestiones políticas, institucionales y operativas - 8. Cuestiones económicas en los programas de crédito oficial - 9. Enseñanzas que deben recoger los PRI y los PMD de los resultados obtenidos por las democracias industrializadas en materia presupuestaria - 10. El presupuesto en condiciones de inflación - 11. La ejecución del presupuesto y el manejo de caja - 12. Contabilidad gubernamental y sistemas de información financiera - 13. Gestión de la deuda pública interna y externa - 14. El Estado y las empresas públicas: relaciones presupuestarias - 15. Financiamiento de las empresas públicas |
| 590 ## - LOCAL NOTE (RLIN) | |
| Local note | niveau_biblio:m niveau_hierar:0 |
| 700 1# - ADDED ENTRY--PERSONAL NAME | |
| Personal name | Premchand, A. |
| 856 41 - ELECTRONIC LOCATION AND ACCESS | |
| Uniform Resource Identifier | <a href="https://biblioeco.unsa.edu.ar/pmb/images/libros/Aspectos del presupuesto p?blico Premchand, A. ; Antonaya, A. L. (1988).jpg">https://biblioeco.unsa.edu.ar/pmb/images/libros/Aspectos del presupuesto p?blico Premchand, A. ; Antonaya, A. L. (1988).jpg</a> |
| Link text | Imagen de portada |
| Electronic format type | image/jpeg |
| 942 ## - ADDED ENTRY ELEMENTS (KOHA) | |
| Koha item type | |
| Withdrawn status | Lost status | Damaged status | Not for loan | Home library | Current library | Shelving location | Date acquired | Total checkouts | Full call number | Barcode | Date last seen | Price effective from | Koha item type |
|---|---|---|---|---|---|---|---|---|---|---|---|---|---|
| Biblioteca Prof. Eusebio Cleto del Rey | Biblioteca Prof. Eusebio Cleto del Rey | 07/04/2026 | 336.14 P925 | L116188 | 07/04/2026 | 07/04/2026 | Libro |